000 00685nam a22001937a 4500
999 _c88737
_d88737
005 20230530150603.0
010 _aENG-110895 ENG-137060
020 _a9789351432364
_c995.00
035 _aEN-94427 EN-120592
037 _bDBAD/PUB
082 _a343.54052
100 _aBagmar,Sandeep R.
245 _aMaster guide to income tax /
_cby Sandeep Bagmar R. [and] Sunny Kishore Bilaney; foreworded by Arvind P. Datar
260 _aGurgaon
_bLexis Nexis
_c2014
270 _a14th Floor, Building No.10, Tower-B, DLF Cyber City, Phase-II
_bGurgaon
_e122002
300 _alviii,587p.
_c24cm(pbk)
700 _aBilaney, Sunny Kishore
942 _2ddc
_cEN
_mBAG
_h343.54052